| 000 | 01010nam a22002537a 4500 | ||
|---|---|---|---|
| 005 | 20170124102934.0 | ||
| 010 | _aA-952238 | ||
| 020 | _c100.00 | ||
| 035 | _aA-952238 | ||
| 037 | _bCen Lib/Ret | ||
| 040 |
_aDPL _bHN |
||
| 082 |
_a821 _bकिशन |
||
| 100 |
_aकिशन स्वरुप _9210 |
||
| 245 |
_aसमेटे हुए पल / _cकिशन स्वरुप |
||
| 246 |
_aSamete huye pal / _bby Kishan Swaroop |
||
| 260 |
_aमुज़फ्फरनगर _bकुसुम प्रकशन _c1998 |
||
| 270 |
_aनवेन्दु सदन, आदर्श कालोनी _bमुज़फ्फरनगर _e251001 |
||
| 300 |
_a104पृ. _c19सेमी (सजिल्द) |
||
| 650 |
_aहिंदी साहित्य _945971 |
||
| 650 |
_aहिन्दी गीत संकलन _945972 |
||
| 650 |
_aHindi Literature _945973 |
||
| 650 |
_aHindi Songs Collection _945974 |
||
| 942 |
_2ddc _cHN _h821 _mकिशन |
||
| 999 |
_c112114 _d112114 |
||